Nurse as educator : (Record no. 843)

000 -LEADER
fixed length control field 03014nam a22005777a 4500
001 - CONTROL NUMBER
control field 11226854
003 - CONTROL NUMBER IDENTIFIER
control field LIBRIS
005 - DATE AND TIME OF LATEST TRANSACTION
control field 20241031115625.0
008 - FIXED-LENGTH DATA ELEMENTS--GENERAL INFORMATION
fixed length control field 081124s2008 maua|||||b||||001 0|eng|
010 ## - LIBRARY OF CONGRESS CONTROL NUMBER
LC control number 2007042254
016 7# - NATIONAL BIBLIOGRAPHIC AGENCY CONTROL NUMBER
Record control number 101318428
Source DNLM
020 ## - INTERNATIONAL STANDARD BOOK NUMBER
International Standard Book Number 9780763746438
Qualifying information pbk. : alk. paper
020 ## - INTERNATIONAL STANDARD BOOK NUMBER
International Standard Book Number 0763746436
Qualifying information pbk. : alk. paper
035 ## - SYSTEM CONTROL NUMBER
System control number (OCoLC)ocn175055917
035 ## - SYSTEM CONTROL NUMBER
System control number (OCoLC)175055917
Canceled/invalid control number (OCoLC)173240799
040 ## - CATALOGING SOURCE
Original cataloging agency DNLM/DLC
Transcribing agency DLC
Modifying agency NLM
-- BTCTA
-- BAKER
-- YDXCP
-- C#P
-- DNF
-- MUQ
Description conventions a
Language of cataloging eng
041 ## - LANGUAGE CODE
Language code of text/sound track or separate title eng
042 ## - AUTHENTICATION CODE
Authentication code pcc
050 00 - LIBRARY OF CONGRESS CALL NUMBER
Classification number RT90
Item number .N86 2008
060 00 - NATIONAL LIBRARY OF MEDICINE CALL NUMBER
Classification number 2008 B-772
060 10 - NATIONAL LIBRARY OF MEDICINE CALL NUMBER
Classification number WY 18
Item number N97411 2008
080 ## - UNIVERSAL DECIMAL CLASSIFICATION NUMBER
Universal Decimal Classification number 616-08
Item number B-29
082 00 - DEWEY DECIMAL CLASSIFICATION NUMBER
Classification number 613
Edition number 22
084 ## - OTHER CLASSIFICATION NUMBER
Classification number Vnaaa
Number source kssb/8 (machine generated)
245 10 - TITLE STATEMENT
Title Nurse as educator :
Remainder of title principles of teaching and learning for nursing practice /
Statement of responsibility, etc. / by: Jones and Bartlett Publishers
250 ## - EDITION STATEMENT
Edition statement 3rd edition
260 ## - PUBLICATION, DISTRIBUTION, ETC.
Place of publication, distribution, etc. Sudbury, Mass.
Name of publisher, distributor, etc. Jones and Bartlett Publishers
Date of publication, distribution, etc. 2008.
300 ## - PHYSICAL DESCRIPTION
Extent xx, 667 p.
Other physical details ill.
Dimensions 23 cm.
504 ## - BIBLIOGRAPHY, ETC. NOTE
Bibliography, etc. note Includes bibliographical references and index.
505 8# - FORMATTED CONTENTS NOTE
Formatted contents note Overview of education in health care / Susan B. Bastable -- Ethical, legal, and economic foundations of the educational process / M. Janice Nelson -- Applying learning theories to healthcare practice / Margaret M. Braungart, Richard G. Braungart -- Determinants of learning / Sharon Kitchie -- Developmental stages of the learner / Susan B. Bastable, Michelle A. Dart -- Compliance, motivation, and health behaviors of the learner / Eleanor Richards, Kirsty Digger -- Literacy in the adult client population / Susan B. Bastable -- Gender, socioeconomic, and cultural attributes of the learner / Susan B. Bastable -- Special populations / Kay Viggiani -- Behavioral objectives / Susan B. Bastable, Julie A. Doody -- Instructional methods and settings / Kathleen Fitzgerald -- Instructional materials / Diane S. Hainsworth -- Technology in education / Deborah L. Sopczyk -- Evaluation in healthcare education / Priscilla Sanford Worral.
650 #0 - SUBJECT ADDED ENTRY--TOPICAL TERM
Topical term or geographic name entry element Health education.
650 #0 - SUBJECT ADDED ENTRY--TOPICAL TERM
Topical term or geographic name entry element Patient Care
9 (RLIN) 285
650 #0 - SUBJECT ADDED ENTRY--TOPICAL TERM
Topical term or geographic name entry element Teaching.
650 #0 - SUBJECT ADDED ENTRY--TOPICAL TERM
Topical term or geographic name entry element Learning.
650 12 - SUBJECT ADDED ENTRY--TOPICAL TERM
Topical term or geographic name entry element Education, Nursing
General subdivision methods.
650 22 - SUBJECT ADDED ENTRY--TOPICAL TERM
Topical term or geographic name entry element Learning
Form subdivision Nurses' Instruction.
650 22 - SUBJECT ADDED ENTRY--TOPICAL TERM
Topical term or geographic name entry element Patient Education as Topic
General subdivision methods.
650 22 - SUBJECT ADDED ENTRY--TOPICAL TERM
Topical term or geographic name entry element Teaching
Form subdivision Nurses' Instruction.
650 #6 - SUBJECT ADDED ENTRY--TOPICAL TERM
Topical term or geographic name entry element �ducation sanitaire.
650 #6 - SUBJECT ADDED ENTRY--TOPICAL TERM
Topical term or geographic name entry element Enseignement.
650 #6 - SUBJECT ADDED ENTRY--TOPICAL TERM
Topical term or geographic name entry element Apprentissage.
653 ## - INDEX TERM--UNCONTROLLED
Uncontrolled term პაციენტის მოვლა
653 ## - INDEX TERM--UNCONTROLLED
Uncontrolled term ექთნების განათლება
653 ## - INDEX TERM--UNCONTROLLED
Uncontrolled term სამედიცინო განათლება
700 1# - ADDED ENTRY--PERSONAL NAME
Personal name Bastable, Susan Bacorn.
887 ## - NON-MARC INFORMATION FIELD
Content of non-MARC field {"@id":"4nggz8qg1xvtd8d","modified":"2018-10-30T23:00:00+01:00","checksum":"71936774577"}
Source of data librisxl
887 ## - NON-MARC INFORMATION FIELD
Content of non-MARC field {"@id":"04b940p547xnfb8","modified":"2013-07-11T13:39:22+02:00","checksum":"91257406474"}
Source of data librisxl
942 ## - ADDED ENTRY ELEMENTS (KOHA)
Source of classification or shelving scheme
Koha item type Books
Edition 3
Holdings
Withdrawn status Lost status Source of classification or shelving scheme Damaged status Not for loan Permanent location Current location Date acquired Inventory number Total Checkouts Full call number Barcode Date last seen Price effective from Koha item type
          Ken Walker International University Ken Walker International University 12/29/2020 2300   616-08 B-29 2300 12/29/2020 12/29/2020 Books

Powered by Koha